| 000 | 02061cam a22004097a 4500 | ||
|---|---|---|---|
| 001 | 14164325 | ||
| 003 | OSt | ||
| 005 | 20240215114524.0 | ||
| 008 | 051103s2006 nyua b 001 0 eng d | ||
| 010 | _a 2005936755 | ||
| 020 | _a0847828042 | ||
| 020 | _a9780847828043 | ||
| 035 | _a(OCoLC)ocm69660931 | ||
| 040 |
_aZYU _cZYU _dBAKER _dIBS _dWCM _dDLC |
||
| 042 | _alccopycat | ||
| 043 | _ae-uk--- | ||
| 050 | 0 | 0 |
_aNK1447.6.J65 _bF56 2006 |
| 082 |
_a720.92 _bFLO |
||
| 100 | 1 |
_aFlores, Carol A. Hrvol, _d1944- _9120518 |
|
| 245 | 1 | 0 |
_aOwen Jones : _bdesign, ornament, architecture, and theory in an age in transition / _cCarol A. Hrvol Flores. |
| 260 |
_aNew York : _bRizzoli, _c2006. |
||
| 300 |
_a275 p. : _bill. (some col.) ; _c32 cm. |
||
| 504 | _aIncludes bibliographical references (p. 267-270) and index. | ||
| 505 | 0 | _aA new understanding of architecture -- Principles of architecture and the decorative arts -- Public architecture -- Interior design, decorative arts, and private architecture -- The legacy. | |
| 600 | 1 | 0 |
_aJones, Owen, _d1809-1874. _9120519 |
| 650 | 0 |
_aDesign _zGreat Britain _xHistory _y19th century. _9120520 |
|
| 650 | 0 |
_aArchitecture _zGreat Britain _xHistory _y19th century. _933858 |
|
| 650 | 0 |
_aDecoration and ornament _zGreat Britain _xHistory _y19th century. _9120521 |
|
| 650 | 0 |
_aDecoration and ornament, Architectural _zGreat Britain _xHistory _y19th century. _9120522 |
|
| 700 | 1 |
_aJones, Owen, _d1809-1874. _9120519 |
|
| 856 | 4 | 2 |
_3Contributor biographical information _uhttp://www.loc.gov/catdir/enhancements/fy0629/2005936755-b.html |
| 856 | 4 | 2 |
_3Publisher description _uhttp://www.loc.gov/catdir/enhancements/fy0629/2005936755-d.html |
| 856 | 4 | 1 |
_3Table of contents only _uhttp://www.loc.gov/catdir/toc/fy0805/2005936755.html |
| 906 |
_a7 _bcbc _ccopycat _d2 _eepcn _f20 _gy-gencatlg |
||
| 942 |
_2ddc _cBK _aSADA _k720.92 FLO 2006 |
||
| 999 |
_c607762 _d607762 |
||